000 00790cam a2200253 a 4500
005 20031230185550.0
008 940308s1993 enkab b 001 0 eng
010 _aENG-101677
020 _c199.00
_a9788184001334
035 _aEN-85210
037 _bDBAD/PUB
040 _adpl
_bEng
082 _aN
100 1 _922405
_aDhar, Mainak
245 1 0 _aHero giri /
_cby Mainak Dhar
260 _aNoida
_bRandom House India
_c2010
270 _aMind Mill Corporate Tower, 2nd Floor, Plot No 24A Sector 16A,
_bNoida
_e201301
300 1 _a288p.
_c17cm (pbk)
650 0 _922448
651 _922481
700 _922431
942 _2ddc
_cEN
_mDHA
_hN
999 _c48285
_d48285